000 00384nam a2200157Ia 4500
008 230524s9999 xx 000 0 und d
082 _a621.3821
_bASH
100 _aAshfaq Ahmed
245 0 _aPower Electronics for Technology
250 _a1ST
260 _aNEW DELHI
_bPearson
_c2003
300 _aXIII;427
500 _aQuantity Number: 2
650 _aElectrical
942 _cBK
999 _c20388
_d20388